000 00341 a2200157 4500
001 46811
020 _a97885784805509
040 _cAnchieta - Aquarius
100 _aBrant, Luiz Caldeira
240 1 0 _aQuem sou eu?
_lpor
245 1 0 _aQuem sou eu?
300 _a
362 0 _a2010
650 4 _aLiteratura infanto-juvenil
942 _cBK
999 _c46811
_d46811